000 01535cam a2200433 İ 4500
001 200468186
003 TR-AnTOB
005 20260417160223.0
007 TA
008 260417s1984 alua b s101 0 eng d
010 _a 83009166
020 _a0817302018
_qpbk.
020 _a0817301992
020 _a9780817302016
_q(pbk.)
020 _a9780817301996
035 _a3295740
040 _aDLC
_beng
_erda
_cDLC
_dDLC
_dTR-AnTOB
041 0 _aeng
050 0 0 _aPS1338
_b.M9 1984
090 _aPS1338
_b.M9 1984
245 0 4 _aThe Mythologizing of Mark Twain /
_cedited by Sara deSaussure Davis and Philip D. Beidler ; [contributions by John C. Gerber ... et al.].
264 1 _aUniversity :
_bUniversity of Alabama Press,
_c1984.
264 4 _c©1984
300 _axix, 186 pages :
_billustration ;
_c24 cm
336 _atext
_btxt
_2rdacontent
337 _aunmediated
_bn
_2rdamedia
338 _avolume
_bnc
_2rdacarrier
500 _aEssays presented at the Eighth Alabama Symposium on English and American Literature, Oct. 15-17, 1981, University of Alabama.
500 _aIncludes index.
504 _aBIB
600 1 0 _aTwain, Mark,
_d1835-1910
_xCriticism and interpretation
_xCongresses.
_9116971
650 0 _aHumorous stories, American
_xHistory and criticism
_9153672
700 1 _aDavis, Sara deSaussure,
_d1943-
_eeditor
_9153780
700 1 _aBeidler, Philip D.
_eeditor
_9153781
700 1 _aGerber, John C.
_eeditor
_9153782
942 _2lcc
_cBK
999 _c200468186
_d86398